| 000 | 00348nam a2200145Ia 4500 | ||
|---|---|---|---|
| 008 | 150201s2010 xx 000 0 und d | ||
| 082 |
_a611 _bA10B |
||
| 100 | _aBHATIA , M.S. | ||
| 245 | _aANATOMY FOR MBBS, BDS, & OTHER EXAMS | ||
| 250 | _a1ST | ||
| 260 |
_bCBS _aDELHI _c2010 |
||
| 300 | _a1-203 | ||
| 650 | _aHUMAN ANATOMY | ||
| 942 |
_2ddc _cBK _011 |
||
| 999 |
_c1434 _d1434 |
||